Cartilha maternal

Gespeichert in:
Bibliographische Detailangaben
Format: keine Angabe
Sprache:Portugiesisch
Erschienen: Lourenço Marques Missão de S José de Lhanguene 1928
Katalog:MANES:  Suchergebnis im Bibliothekskatalog
Schulbuchspezifische Eigenschaften:
Tags: Tag hinzufügen
Keine Tags, Fügen Sie den ersten Tag hinzu!
Hinzugefügt zu:26.04.2016
Geändert in:25.04.2025

MARC

LEADER 000000000a22000000004500
001 36893
003 OSt
005 20250425110757.0
008 160427s po ||||| |||| 00| 0 por d
041 |a Portugués 
561 |5 pt-MJD  |a Portugal. Museu João de Deus  |k MANES 
691 |a PRI 
245 0 0 |a Cartilha maternal 
260 3 |a Lourenço Marques  |b Missão de S José de Lhanguene  |c 1928 
300 |a 47 p.  |c 18 cm 
500 |a Registro Topográfico: 5814 
690 |a EyL 
942 |2 ddc  |c BK 
546 |a Portugal 
999 |c 40352  |d 40352 
999 |c manes:40352  |d 40352